| 000 | 00376nam a2200133Ia 4500 | ||
|---|---|---|---|
| 008 | 191111s9999 xx 000 0 und d | ||
| 020 | _a9781474296786 | ||
| 100 | _aHuppatz, D.J. | ||
| 245 |
_cD.J Huppatz.-- _aModern asian design |
||
| 260 |
_aUSA : _bBloomsburry _c2018 |
||
| 300 | _a255 pages. | ||
| 650 | _aasia -- civilization | ||
| 650 | _aDesign -- social aspects -- asia | ||
| 999 |
_c362598 _d362598 |
||